| 000 | nam a22 7a 4500 | ||
|---|---|---|---|
| 999 |
_c126622 _d126622 |
||
| 008 | 170810b xxu||||| |||| 00| 0 eng d | ||
| 050 | _aPR9363.Q4 | ||
| 245 |
_aQueer Africa _bNew and collected fiction _cedited by Makhosazana xaba and Karen Martin |
||
| 260 |
_aSouth Africa _bMaThoko's Books _c2013-2017 |
||
| 300 |
_a214p. ; _c21cm. |
||
| 650 |
_aLiterature _zSouth Africa _934690 |
||
| 942 |
_2lcc _cMONOGRAPH |
||